Obchod s ľudským nešťastím Za tisíc dolárov v noci cez hranicu.

Bibliographic Details
Main Author: /SV - inka (Author)
Corporate Author: Veliteľstvo Pohraničnej polície, Košice (Author)
Format: Article
Language:Slovak
Subjects:

MARC

LEADER 00000nab a2200000 a 4500
001 vtls000914173
003 SK-MaSNL
005 20260302173943.0
008 040720e19911122xo 0 slo
035 |a KE23069 
040 |a KEVKJB  |b slo  |c KEVKJB  |e AACR2 
041 0 |a slo 
044 |a xo  |c SK 
080 |a 341.222  |2 1981 
100 0 |a /SV - inka/  |4 aut  |9 882499 
245 1 0 |a Obchod s ľudským nešťastím  |b Za tisíc dolárov v noci cez hranicu. 
610 2 7 |a Veliteľstvo Pohraničnej polície, Košice  |2 KEVKJB  |9 881066 
650 0 7 |a prekročenie hraníc ilegálne  |2 KEVKJB  |9 882800 
650 0 7 |a zadržanie (42 ľudí)  |2 KEVKJB  |9 882801 
650 0 7 |a informácie  |2 KEVKJB  |9 1285 
651 7 |a KE,  |2 KEVKJB  |9 877256 
655 7 |a periodikum  |2 snkbucl  |9 29553 
710 2 |a Veliteľstvo Pohraničnej polície, Košice  |4 aut  |9 881066 
773 0 8 |t Slovenský východ  |g Roč. 1  |g Roč. 20, č.274, 22.11.1991, s. 1 
852 |a ZVYKNI  |b KIS3GCP 
999 |c 1402721  |d 1404651